00398nam a22001337a 4500003000400000005001700004008004100021040002700062100004900089245007100138250000800209260003900217300000800256OSt20240403163659.0240403b |||||||| |||| 00| 0 eng d cCentral Library MRSPTU aLala Haradyal (ਲਾਲ ਹਰਦਿਆਲ) aSwei-Vikas Da Marg (ਸਵੈ ਵਿਕਾਸ ਦਾ ਮਾਰਗ) a2nd aSirhindbLokgeet Publicationc1996 a258